Jahresbericht 1999 /
Guardado en:
| Autor Principal: | |
|---|---|
| Formato: | Libro |
| Publicado: |
Basilea :
Museum Der Kulturen,
1999
|
| Series: | Informe Anual Del Museo De La
|
| Materias: | |
| Etiquetas: |
Agregar Etiqueta
Sin Etiquetas, Sea el primero en etiquetar este registro!
|
| LEADER | 00532nam a22001815a 4500 | ||
|---|---|---|---|
| 001 | EHU.bham024072 | ||
| 003 | AR-BHAM | ||
| 005 | 20130507115608.0 | ||
| 008 | 130507s1999##################000#0#####d | ||
| 082 | 0 | 6 | |a 069.494 |
| 100 | 1 | |a Museum Der Kulturen | |
| 245 | 1 | 0 | |a Jahresbericht 1999 / |c Useum Der Kulturen |
| 260 | |a Basilea : |b Museum Der Kulturen, |c 1999 | ||
| 300 | |a 67 p. | ||
| 490 | 0 | |a Informe Anual Del Museo De La | |
| 653 | |a Museos | ||
| 653 | |a Suiza | ||
| 859 | |a AR-BHAM |b BIB. HUMANIDADES - General |h 069.494 |i M973 |p 600.01 |t Ej.1 |v 1999 |3 1999 | ||
